Statystyki dla Słówka po angielsku (trudniejsze) - sprzęt sportowy

Kliknij tutaj aby rozwiązać quiz!

Ogólne statystyki

  • Ten quiz został rozwiązany 9 razy
  • Średni wynik to 2 z 9

Statystyki odpowiedzi

Sprzęt sportowySports equipment% Poprawnych
Buty narciarskieSki boots
44%
OszczepJavelin
33%
ŁyżworolkiRollerblades
33%
Kombinezon narciarskiSki suit
22%
KorkiFootball boots
11%
Okulary pływackie/
google
Goggles
11%
Kamizelka ratunkowaLife jacket
11%
UprzążHarness
0%
WrotkiRoller skates
0%

Rozkład punktacji

Percentyl według liczby udzielonych odpowiedzi

Procent ludzi z każdym wynikiem

Twoja historia wyników

Nie rozwiązałeś tego quizu